00878nam a2200217 a 450000100100000000500170001000800410002702000150006804000250008308200180010824501550012626000360028130000210031749000500033865000580038865000550044665100490050170000190055071000410056983000500061000002542620200930023759.0110216s2006 dr a 000 0 spa d a9945160400 aDO-SdBNPbspacBNPHU a305.23bC745s04aLas condiciones socioeconómicas y culturales de los niños y las niñas en el suroeste de la República Dominicana /cAlicia Ziffer ... [et al.]. aSanto Domingo :bFLACSO,c2006. a110 P. ;c22 cm.1 aInvestigaciones educativas del contexto rural 4aNiñosxCondiciones socialesxRepública dominicana 4aEconomia doméstica ruralzRepública Dominicana 4aRepública DominicanaxCondiciones Sociales12aZiffer, Alicia2 aFacultad Latinoamericana de Ciencias 0aInvestigaciones educativas del contexto rural